Normal view
MARC view
- Rubinstein, Ariel
Entry Personal Name
001 - CONTROL NUMBER
- control field: 24971
003 - CONTROL NUMBER IDENTIFIER
- control field: IN-BhIIT
005 - DATE AND TIME OF LATEST TRANSACTION
- control field: 20241210163501.0
008 - FIXED-LENGTH DATA ELEMENTS
- fixed length control field: 241210|| aca||aabn | a|a d
040 ## - CATALOGING SOURCE
- Original cataloging agency: IN-BhIIT
- Transcribing agency: IN-BhIIT
100 ## - HEADING--PERSONAL NAME
- Personal name: Rubinstein, Ariel
670 ## - SOURCE DATA FOUND
- Source citation: Work cat.: (IN-BhIIT)14533: Osborne, Martin J. Author 23068, A course in game theory /, c1994.